Marc Chagall (Record no. 8212)

MARC details
000 - LÍDER
campo de control de longitud fija 00715nam a2200205Ia 4500
008 - ELEMENTOS DE DATOS DE LONGITUD FIJA - INFORMACIÓN GENERAL
campo de control de longitud fija 0000001979 usa 0000000000eng00
090 ## - NÚMERO DE LLAMADA DE TIPO LC LOCALMENTE ASIGNADO (OCLC)
Número de clasificación (OCLC) (R) PRU00 C31m3
100 1# - ENTRADA PRINCIPAL - NOMBRE PERSONAL
Nombre de la persona Chagall, Marc
Fechas asociadas a un nombre 1887
245 10 - TÍTULO DECLARACIÓN
Título Marc Chagall
Resto del título : paintings and temperas 1975-1978
Declaración de responsabilidad / photography Jacqueline Hyde
260 ## - PUBLICACIÓN, DISTRIBUCIÓN
Lugar de publicación New York : Pierre Matissse Gallery
Fecha de publicación 1979
300 ## - DESCRIPCIÓN FÍSICA
Alcance [32] p.
Dimensiones / 28 cm.
500 ## - NOTA GENERAL
Nota general Exposición realizada en Pierre Matisse Gallery, New York, Mayo, 1979
600 00 - ENTRADA DE SUJETO AÑADIDO - NOMBRE PERSONAL
Nombre de la persona CHAGALL, MARC, 18871985/
Subdivisión general TRABAJOS PICTORICOS
650 14 - ENTRADA DE SUJETO AÑADIDO - TÉRMINO TÓPICO
Término tópico o elemento de entrada del nombre geográfico ARTE CONTEMPORANEO RUSO
650 14 - ENTRADA DE SUJETO AÑADIDO - TÉRMINO TÓPICO
Subdivisión general CATALOGOS
650 14 - ENTRADA DE SUJETO AÑADIDO - TÉRMINO TÓPICO
Subdivisión general EXPOSICIONES
650 14 - ENTRADA DE SUJETO AÑADIDO - TÉRMINO TÓPICO
Término tópico o elemento de entrada del nombre geográfico PINTORES RUSOS
650 14 - ENTRADA DE SUJETO AÑADIDO - TÉRMINO TÓPICO
Término tópico o elemento de entrada del nombre geográfico PINTURA RUSA
700 1# - ENTRADA AGREGADA - NOMBRE PERSONAL
Nombre de la persona Hyde, Jacqueline
Holdings
Estado de retirada Pérdida de estatus Estado dañado No para préstamo Código de recogida Ubicación permanente Ubicación actual Ubicación de las estanterías Fecha de adquisición Número de llamada completo Código de barras Fecha de la última vez que se vio Número de copia Precio efectivo desde Tipo de artículo Koha
        General ArtNexus ArtNexus General 06/09/2022 P-RU-00 C31M3 8215 06/09/2022 Ej.1 06/09/2022 Libro

Powered by Koha